Biologické odstraňovanie dusíka a fosforu z odpadových vôd bakalárska práca

Gespeichert in:
Bibliographische Detailangaben
1. Verfasser: Fajnorová, Soňa
Format: Buch
Sprache:Slowakisch
Veröffentlicht: Bratislava STU FCHPT 2013
Online-Zugang:Im OPAC anzeigen
Tags: Tag hinzufügen
Keine Tags, Fügen Sie das erste Tag hinzu!

MARC

LEADER 00000nam a2200000 a 4500
005 20260127134305.0
008 131025 2013 000 0 slo d
035 |a vtls010553853 
039 9 |y 201310251121  |z mschk03 
040 |a STUSCHK1  |b slo  |c STUSCHK1  |e AACR2 
100 1 |a Fajnorová, Soňa 
245 1 |a Biologické odstraňovanie dusíka a fosforu z odpadových vôd  |b bakalárska práca  |c Soňa Fajnorová 
260 |a Bratislava  |b STU FCHPT  |c 2013 
300 |a 35 s.  |b il.  |c 30 cm 
500 |a Obhájené: 08.07.2013 
500 |a Štud. program: Chémia, medicínska chémia a chemické materiály 
500 |a Štud. odbor: Chémia, chemické technológie 
500 |a Škol. pracovisko: Odd. environmentálneho inžinierstva 
500 |a Evid. číslo: FCHPT-13569-43439 
910 |a SCHK95 
999 |c 8897  |d 8897